[Event "Swiss Queens Wed #9"]
[Site "FIDE Online Arena INT"]
[Date "2024.03.27"]
[Round "2"]
[White "Pinto, Niyola"]
[Black "Michelle, Catherina P"]
[Result "0-1"]
[WhiteElo "1409"]
[BlackElo "2164"]
[PlyCount "46"]
[EventDate "2024.03.27"]
[EventType "swiss (blitz)"]
[EventRounds "11"]
[EventCountry "NET"]
[SourceTitle "CB14_2024"]
[SourceDate "2024.04.01"]
[SourceVersion "1"]
[SourceVersionDate "2024.04.01"]
[SourceQuality "1"]

1. d4 Nf6 2. e3 c5 3. Bd3 cxd4 4. exd4 g6 5. f4 Bg7 6. Nf3 0-0 7. 0-0 Nc6 8. Nbd2 d6 9. c3 e5 10. fxe5 dxe5 11. dxe5 Qxd3 12. exf6 Bxf6 13. Kh1 Rd8 14. Qe1 Bg4 15. Qg3 Bf5 16. Qf2 Re8 17. Nd4 Nxd4 18. cxd4 Bxd4 19. Qf4 Be3 20. Qb4 Rac8 21. b3 Re4 22. Qxb7 Rce8 23. Nxe4 Qxf1# 0-1

[Event "Swiss Queens Wed #6"]
[Site "FIDE Online Arena INT"]
[Date "2024.03.06"]
[Round "11"]
[White "Michelle, Catherina P"]
[Black "Lesbekova, Asel"]
[Result "1-0"]
[WhiteElo "2164"]
[BlackElo "1870"]
[PlyCount "87"]
[EventDate "2024.03.06"]
[EventType "swiss (blitz)"]
[EventRounds "11"]
[EventCountry "NET"]
[SourceTitle "CB11_2024"]
[SourceDate "2024.03.13"]
[SourceVersion "1"]
[SourceVersionDate "2024.03.13"]
[SourceQuality "1"]

1. d4 d5 2. Nc3 c5 3. dxc5 d4 4. Ne4 e5 5. e3 f5 6. Nd6+ Bxd6 7. cxd6 Qxd6 8. exd4 exd4 9. Nf3 Nc6 10. Bd3 Nge7 11. 0-0 0-0 12. Re1 Be6 13. Bg5 Rae8 14. Bb5 Bd5 15. Nxd4 Qg6 16. h4 h6 17. c4 Be4 18. f3 hxg5 19. h5 Qd6 20. fxe4 Qxd4+ 21. Qxd4 Nxd4 22. Bxe8 Nc2 23. Bd7 Nxa1 24. exf5 Nxf5 25. Be6+ Kh7 26. Rxa1 Nd4 27. Bd5 Kh6 28. Rd1 Ne2+ 29. Kh2 Nf4 30. g4 Re8 31. Kg3 Re2 32. b4 Rxa2 33. Bxb7 Ra3+ 34. Kf2 Nd3+ 35. Kg1 Nxb4 36. Rd6+ Kh7 37. Be4+ Kg8 38. Bg6 Kf8 39. Re6 Ra1+ 40. Kf2 Ra2+ 41. Kg3 Ra3+ 42. Kg2 Ra2+ 43. Kf3 Ra3+ 44. Ke4 1-0

[Event "Fort Lauderdale 1000 GM IM 11"]
[Site "Fort Lauderdale"]
[Date "2023.11.05"]
[Round "6"]
[White "Michelle, Catherina P"]
[Black "Cruz Mendez, Jean Marcos"]
[Result "1/2-1/2"]
[WhiteElo "2178"]
[BlackElo "2279"]
[PlyCount "67"]
[EventDate "2023.11.02"]
[EventType "tourn"]
[EventRounds "9"]
[EventCountry "USA"]
[SourceTitle "CB46_2023"]
[SourceDate "2023.11.15"]
[SourceVersion "1"]
[SourceVersionDate "2023.11.15"]
[SourceQuality "1"]

1. e4 e5 2. Nf3 Nc6 3. Bb5 a6 4. Ba4 Nf6 5. d3 b5 6. Bb3 Be7 7. a4 Bb7 8. 0-0 0-0 9. Re1 d5 10. axb5 axb5 11. Rxa8 Bxa8 12. exd5 Nxd5 13. Nxe5 Nd4 14. Ba2 Nb4 15. Nxf7 Rxf7 16. Bxf7+ Kxf7 17. Na3 Qd5 18. Re4 Nbc6 19. Be3 Bf6 20. c4 bxc4 21. Nxc4 Ne6 22. Qb3 Nb4 23. Qxb4 Qxd3 24. Nd2 Bxe4 25. Qxe4 Qxe4 26. Nxe4 Bxb2 27. Kf1 Kg6 28. g4 Be5 29. h4 h5 30. f3 Bf4 31. Bf2 Be5 32. Be3 Bf4 33. Bf2 Be5 34. Be3 1/2-1/2

[Event "Titled Tuesday intern op 29th Aug Early"]
[Site "Chess.com INT"]
[Date "2023.08.29"]
[Round "9"]
[White "Toktomushev, Teimur"]
[Black "Michelle, Catherina P"]
[Result "0-1"]
[WhiteElo "2210"]
[BlackElo "2195"]
[PlyCount "98"]
[EventDate "2023.08.29"]
[EventType "swiss (blitz)"]
[EventRounds "11"]
[EventCountry "USA"]
[SourceTitle "EXT 2024"]
[Source "ChessBase"]
[SourceDate "2023.10.10"]
[SourceVersion "1"]
[SourceVersionDate "2023.10.10"]
[SourceQuality "1"]

1. d4 Nf6 2. c4 c5 3. d5 b5 4. cxb5 a6 5. bxa6 Bxa6 6. Nc3 d6 7. e4 g6 8. Nf3 Bxf1 9. Kxf1 Bg7 10. g3 0-0 11. Kg2 Nbd7 12. a4 Qb6 13. Qc2 Rfb8 14. Nb5 Ne8 15. Nd2 Nc7 16. Nc4 Qb7 17. Nxc7 Qxc7 18. Ra3 Ne5 19. b3 Nxc4 20. Qxc4 Rb4 21. Qc2 Qc8 22. Bd2 Rb7 23. a5 Ra6 24. Qc4 Rb8 25. Rb1 f5 26. b4 cxb4 27. Qxc8+ Rxc8 28. Rxb4 Rc5 29. Rb6 Rxb6 30. axb6 Rb5 31. Be3 fxe4 32. Ra7 Kf7 33. h4 Rxd5 34. g4 Rb5 35. Kg3 Be5+ 36. Kg2 d5 37. h5 d4 38. Bg5 Bf6 39. Bxf6 Kxf6 40. hxg6 hxg6 41. b7 d3 42. Kf1 Rb1+ 43. Kg2 d2 44. Ra1 Rxb7 45. Rd1 Rb2 46. Kf1 Ke5 47. Ke2 Kf4 48. Rg1 d1Q+ 49. Kxd1 Rb1+ 0-1

[Event "Titled Tuesday intern op 29th Aug Early"]
[Site "Chess.com INT"]
[Date "2023.08.29"]
[Round "7"]
[White "Van Baar, Esper"]
[Black "Michelle, Catherina P"]
[Result "0-1"]
[WhiteElo "2179"]
[BlackElo "2195"]
[PlyCount "110"]
[EventDate "2023.08.29"]
[EventType "swiss (blitz)"]
[EventRounds "11"]
[EventCountry "USA"]
[SourceTitle "EXT 2024"]
[Source "ChessBase"]
[SourceDate "2023.10.10"]
[SourceVersion "1"]
[SourceVersionDate "2023.10.10"]
[SourceQuality "1"]

1. e4 c6 2. Nc3 d5 3. Nf3 Bg4 4. h3 Bxf3 5. Qxf3 e6 6. d4 dxe4 7. Qe3 Nf6 8. Be2 Nbd7 9. 0-0 Be7 10. Nxe4 0-0 11. c3 Nxe4 12. Qxe4 Nf6 13. Qf3 Qd5 14. Be3 a5 15. c4 Qxf3 16. Bxf3 Rfd8 17. Rfd1 Bf8 18. g4 h6 19. h4 Be7 20. Kg2 a4 21. Kh3 Nd7 22. Bf4 Bf6 23. Rac1 e5 24. dxe5 Nxe5 25. Bxe5 Bxe5 26. Rxd8+ Rxd8 27. Rd1 Bd4 28. Kg2 Kf8 29. Rd2 Ke7 30. Bd1 a3 31. bxa3 c5 32. f4 Ra8 33. Rd3 Kd6 34. Kf3 Re8 35. Rb3 Kc7 36. Bc2 Re1 37. Be4 b6 38. a4 Rf1+ 39. Kg3 Rg1+ 40. Kf3 Rf1+ 41. Kg3 Ra1 42. a5 bxa5 43. Rb7+ Kd6 44. Rxf7 Rxa2 45. g5 hxg5 46. fxg5 Ke5 47. Bd5 Kd6 48. h5 a4 49. h6 gxh6 50. gxh6 a3 51. h7 Ra1 52. Be4 a2 53. Rf5 Rg1+ 54. Kf3 a1Q 55. Rd5+ Ke7 0-1

[Event "Dulles Cherry Blossom op 10th"]
[Site "Dulles"]
[Date "2023.05.27"]
[Round "4"]
[White "Michelle, Catherina P"]
[Black "Slate, Kent"]
[Result "0-1"]
[WhiteElo "2193"]
[BlackElo "1989"]
[PlyCount "66"]
[EventDate "2023.05.24"]
[EventType "swiss"]
[EventRounds "9"]
[EventCountry "USA"]
[SourceTitle "CBM 214 Extra"]
[Source "ChessBase"]
[SourceDate "2023.07.31"]
[SourceVersion "1"]
[SourceVersionDate "2023.07.31"]
[SourceQuality "1"]

1. e4 c5 2. Nf3 Nc6 3. d4 cxd4 4. Nxd4 Nf6 5. Nc3 e5 6. Ndb5 d6 7. Bg5 a6 8. Na3 b5 9. Nd5 Be7 10. Bxf6 Bxf6 11. c4 b4 12. Nc2 0-0 13. g3 a5 14. Bg2 g6 15. 0-0 Be6 16. Qd3 Bg7 17. Rad1 Rb8 18. b3 Kh8 19. Qe2 Qd7 20. Rd2 Rbd8 21. Rfd1 Qa7 22. h4 f5 23. exf5 Bxf5 24. Be4 Bh6 25. Bxf5 gxf5 26. Nde3 f4 27. Ng4 fxg3 28. Rxd6 Nd4 29. Nxd4 Rxd6 30. Nxh6 gxf2+ 31. Kh2 Rxh6 32. Qxe5+ Qg7 33. Qe4 Qf6 0-1

[Event "Dulles Cherry Blossom op 10th"]
[Site "Dulles"]
[Date "2023.05.24"]
[Round "1"]
[White "Khanin, Semen"]
[Black "Michelle, Catherina P"]
[Result "1-0"]
[WhiteElo "2566"]
[BlackElo "2193"]
[PlyCount "51"]
[EventDate "2023.05.24"]
[EventType "swiss"]
[EventRounds "9"]
[EventCountry "USA"]
[SourceTitle "CBM 214 Extra"]
[Source "ChessBase"]
[SourceDate "2023.07.31"]
[SourceVersion "1"]
[SourceVersionDate "2023.07.31"]
[SourceQuality "1"]

1. d4 Nf6 2. c4 e6 3. Nc3 Bb4 4. e3 0-0 5. Bd3 d5 6. a3 Bxc3+ 7. bxc3 dxc4 8. Bxc4 c5 9. Bd3 Qc7 10. Bb2 e5 11. dxe5 Ng4 12. c4 Qa5+ 13. Kf1 Nc6 14. Nf3 Re8 15. Ng5 h6 16. e6 hxg5 17. Qxg4 f6 18. Bf5 Qd2 19. Rb1 Kf8 20. h4 gxh4 21. Rxh4 Bxe6 22. Rh8+ Bg8 23. Rxg8+ Kxg8 24. Bxf6 Re7 25. Bxe7 Nxe7 26. Be6+ 1-0

[Event "Charlotte op"]
[Site "Charlotte"]
[Date "2023.01.14"]
[Round "1"]
[White "Michelle, Catherina P"]
[Black "Preotu, Razvan"]
[Result "1/2-1/2"]
[WhiteElo "2149"]
[BlackElo "2478"]
[PlyCount "70"]
[EventDate "2023.01.14"]
[EventType "swiss"]
[EventRounds "6"]
[EventCountry "USA"]
[SourceTitle "CBM 212 Extra"]
[Source "ChessBase"]
[SourceDate "2023.03.31"]
[SourceVersion "1"]
[SourceVersionDate "2023.03.31"]
[SourceQuality "1"]

1. e4 c5 2. Nf3 d6 3. d4 cxd4 4. Nxd4 Nf6 5. Nc3 a6 6. h3 e5 7. Nb3 Be7 8. Be3 Be6 9. f4 exf4 10. Bxf4 Nc6 11. Qe2 Ne5 12. 0-0-0 Nfd7 13. Kb1 0-0 14. g4 Rc8 15. Qe3 Re8 16. Nd4 h6 17. Nf5 Bf6 18. Nd5 Bxf5 19. gxf5 Nc4 20. Bxc4 Rxc4 21. Bxh6 Rexe4 22. Qg1 Kh7 23. Nxf6+ Qxf6 24. Rxd6 Re1+ 25. Qxe1 Qxd6 26. Bc1 Qd5 27. Rf1 Nf6 28. b3 Rc7 29. Qg3 Qc6 30. Bb2 Qxc2+ 31. Ka1 Rd7 32. Bxf6 Rd1+ 33. Rxd1 Qxd1+ 34. Kb2 Qd2+ 35. Kb1 Qd1+ 1/2-1/2

[Event "Titled Tuesday intern op 06th Sep Early"]
[Site "Chess.com INT"]
[Date "2022.09.06"]
[Round "9"]
[White "Michelle, Catherina P"]
[Black "Miszler, Levente"]
[Result "0-1"]
[WhiteElo "2142"]
[BlackElo "2280"]
[PlyCount "76"]
[EventDate "2022.09.06"]
[EventType "swiss (blitz)"]
[EventRounds "11"]
[EventCountry "USA"]
[SourceTitle "EXT 2023"]
[Source "ChessBase"]
[SourceDate "2022.10.05"]
[SourceVersion "1"]
[SourceVersionDate "2022.10.05"]
[SourceQuality "1"]

1. e4 e6 2. d4 d5 3. Nd2 f5 4. exf5 exf5 5. Ngf3 Nf6 6. c4 c6 7. Bd3 Bd6 8. Qc2 Ne4 9. 0-0 0-0 10. Ne5 Nd7 11. Ndf3 Ndf6 12. Bf4 h6 13. h4 Be6 14. Qb3 Qc7 15. c5 Bxe5 16. Nxe5 Qc8 17. Ng6 Re8 18. f3 Nh5 19. fxe4 fxe4 20. Be2 Bg4 21. Qd1 Bxe2 22. Qxe2 Qf5 23. Ne7+ Rxe7 24. Bg5 Ng3 25. Rxf5 Nxe2+ 26. Kf2 hxg5 27. Kxe2 gxh4 28. Rh1 Rf7 29. Rh5 Raf8 30. R1xh4 Rf2+ 31. Ke3 R8f6 32. Rh8+ Kf7 33. Rb8 Rxg2 34. Rxb7+ Kg6 35. Rh3 Rff2 36. Rc7 Kf6 37. Rxc6+ Kf5 38. Rh5+ g5 0-1